00458nam a22001697a 450000500170000001000150001702000260003203500140005803700090007208200090008110000250009024500430011525000060015826000340016427000700019830000200026820260529144554.0 aENG-148685 a9789349042681c399.00 aEN-132217 bDBAD aN21 aMaugham, W Somerset  aThe Razor's Edge/ cW Somerset Maugham a1 aChandigarhbThe Browserc2026 bChandigarhaSCO 14-15, Sector 8-Ce160009mservice@thebrowser.org a287p.c20cm(pb)